00573nam a22002057a 450000500170000000800410001702000240005804000130008208200160009524500910011125000120020226000340021430000110024865000140025965000100027365000170028370000200030070000240032070000230034420260123110351.0260123b xxu||||| |||| 00| 0 eng d a9781975220501 (pbk) cPK-LaUMT a615.1bLIP- aLippincott illustrated reviews : biochemistry /cby Emine Ercikan Abali . . . [et al.] a9th ed. aPhiladelphia :bHealth,c2025 a661 p. aMedicines aDrugs aBiochemistry aCline, Susa D.  aFranklin, David S.  aViselli, Susan M.